Úroveň absolútneho trhového podielu produkcie spoločnosti ako faktor finančnej výkonnosti

Salvato in:
Dettagli Bibliografici
Autore principale: Čonková, Monika, 1976-
Natura: Capitolo di libro
Lingua:slovacco
Soggetti:
Tags: Aggiungi Tag
Nessun Tag, puoi essere il primo ad aggiungerne!!

MARC

LEADER 00000nla a2200000 4500
001 0214585
005 20240502073604.2
041 0 |a slo 
044 |a SK 
245 1 0 |a Úroveň absolútneho trhového podielu produkcie spoločnosti ako faktor finančnej výkonnosti  |c Monika Čonková 
500 |a Abstrakt 
610 2 0 |a výkonnosť podniku 
610 2 0 |a funkcie podniku 
610 2 0 |a prosperita ekonomická 
610 2 0 |a metódy organizácie 
610 2 0 |a výkony podnikové 
610 2 0 |a ciele podnikové 
610 2 0 |a rentabilita podniku 
100 1 |a Čonková, Monika, 1976-